书目信息 |
| 题名: |
健康食品资源营养与功能评价
|
|
| 作者: | 张炳文 , 郝征红 主编 | |
| 分册: | ||
| 出版信息: | 北京 中国轻工业出版社 2007 |
|
| 页数: | 292页 | |
| 开本: | 26cm | |
| 丛书名: | ||
| 单 册: | ||
| 中图分类: | R151 , TS201.4 | |
| 科图分类: | ||
| 主题词: | 营养学--ying yang xue--食品营养 , 食品工业 | |
| 电子资源: | ||
| ISBN: | 978-7-5019-5861-0 | |
| 000 | 00947nam0 2200265 450 | |
| 001 | 0100000678 | |
| 005 | 20071024154515.84 | |
| 010 | @a978-7-5019-5861-0@dCNY38.00 | |
| 100 | @a20070901d2007 ekmy0chiy0121 ea | |
| 101 | 0 | @achi |
| 102 | @aCN@b110000 | |
| 105 | @ay a 000yy | |
| 200 | 1 | @a健康食品资源营养与功能评价@Ajian kang shi pin zi yuan ying yang yu gong neng ping@f主编张炳文, 郝征红 |
| 210 | @a北京@c中国轻工业出版社@d2007 | |
| 215 | @a292页@d26cm | |
| 320 | @a有书目 | |
| 330 | @a本书围绕中医食疗学、经典营养科学、现代营养科学, 对食品资源与人体健康的关系作了多层次的论述, 特别是对近几年营养科学研究的热门——食物资源中含有的功能因子进行了较为细致的讲述。 | |
| 606 | 0 | @a营养学@Aying yang xue@x食品营养 |
| 606 | 0 | @a食品工业 |
| 690 | @aR151@v4 | |
| 690 | @aTS201.4@v4 | |
| 701 | 0 | @a张炳文@Azhang bing wen@4主编 |
| 701 | 0 | @a郝征红@Ahao zheng@4主编 |
| 801 | 0 | @aCN@c20071024 |
| 905 | @b20660877-79@dR151@eZ909@fR151/Z909 | |
| 健康食品资源营养与功能评价/主编张炳文, 郝征红.-北京:中国轻工业出版社,2007 |
| 292页;26cm |
| ISBN 978-7-5019-5861-0:CNY38.00 |
| 本书围绕中医食疗学、经典营养科学、现代营养科学, 对食品资源与人体健康的关系作了多层次的论述, 特别是对近几年营养科学研究的热门——食物资源中含有的功能因子进行了较为细致的讲述。 |
| ● |
| 相关链接 |
|
|
|
正题名:健康食品资源营养与功能评价
索取号:R151/Z909
 
预约/预借
| 序号 | 登录号 | 条形码 | 馆藏地/架位号 | 状态 | 备注 |
| 1 | 660877 | 206608777 | 自科库401/401自科库 104排1列2层/ [索取号:R151/Z909] | 在馆 | |
| 2 | 660878 | 206608786 | 自科库401/401自科库 104排1列2层/ [索取号:R151/Z909] | 在馆 | |
| 3 | 660879 | 206608795 | 自科库401/401自科库 104排1列2层/ [索取号:R151/Z909] | 在馆 |